000 00682nam a2200241Ia 4500
003 OSt
005 20221007063055.0
006 a|||||r|||| 00| 0
007 ta
008 221006b |||||||| |||| 00| 0 eng d
024 _a24,479
037 _cTextual
040 _aFLL
_cFLL
_beng
041 _2eng
_aeng
082 _aZ2:5277, K3
100 _aMehta M.K.
_9105606
245 0 _aIdentification of thumb impressions and the cross examiantion of finger print experts
250 _a2nd
260 _aBombay
_bN.M. Tripathi Pvt. Ltd. India
_c1963
300 _axvi,1-139p
_ccm.
942 _hZ2:5277, K3
_cTEXL
_2CC
999 _c1130301
_d1130301